| 000 | 00575nam a22001937a 4500 | ||
|---|---|---|---|
| 005 | 20251108171922.0 | ||
| 008 | 250721s9999 xx 000 0 ara d | ||
| 082 | 1 | 4 | _aط/922.1/محا |
| 100 | 1 | _aالمحامي، محمد كامل حسن | |
| 245 | 1 | 0 | _aأبو ذر الغفاري / |
| 264 | 1 |
_aبيروت : _bمنشورات المكتب العالمي، |
|
| 300 | _a109ص | ||
| 490 | 0 | _aعظماء الإسلام | |
| 650 | 1 | 7 | _aالإسلام |
| 650 | 1 | 7 | _aالتراجم |
| 653 | _aناشئون صغار (10-14) سنة | ||
| 942 |
_2ddc _cBK |
||
| 999 |
_c65937 _d65937 |
||